Mimpi berjumpa Rasullllah : sejauh mana benarnya

Bibliographic Details
Main Author: Haron Din Dato' (Author)
Format: Book
Published: Kuala Lumpur : KD Production , [19--]
Subjects:

MARC

LEADER 00000cam a2200000 7i4500
001 0000007959
005 20201201093000.0
008 021119n
090 0 0 |a BP190.5.D7   |b H2 
100 0 |a Haron Din   |c Dato' ,   |e author 
245 0 0 |a Mimpi berjumpa Rasullllah :   |b sejauh mana benarnya   |c disampaikan oleh Prof. Dato' Dr. Haron Din 
260 2 |a Kuala Lumpur :   |b KD Production ,   |c [19--] 
300 |a 1 videocassetts (56 min) Sd., col 
600 0 0 |a Muhammad ,   |c Prophet ,   |d - 632 
650 0 |a Dreams   |x Religious aspects   |x Islam 
999 |a 1000003281   |b Video Tape   |c Close Access   |e Gong Badak Campus 
999 |a 1000087500   |b Video Tape   |c Close Access   |e Gong Badak Campus